Introducción a la ciencia del derecho

-д хадгалсан:
Номзүйн дэлгэрэнгүй
Үндсэн зохиолч: Marín Pérez, Pascual (autor)
Формат: Ном
Хэл сонгох:испани
Хэвлэсэн: Madrid Tecnos 1979
Хэвлэл:4a. ed
Цуврал:Manuales Universitarios Españoles, 6
Нөхцлүүд:
Шошгууд: Шошго нэмэх
Шошго байхгүй, Энэхүү баримтыг шошголох эхний хүн болох!

MARC

LEADER 00000nam a2200000 a 4500
001 UCS9438
003 CL-VaPUC
008 971113e19790000SP |||||||||||||||||spa|d
082 0 4 |a 340  |b MAR  |2 21 
100 |a Marín Pérez, Pascual  |e autor  |9 394983 
245 1 0 |a Introducción a la ciencia del derecho 
250 |a 4a. ed 
300 |a 449 p 
942 |c BK 
945 |d 19971113 00:00:00  |a aolguin 
260 |a Madrid  |b Tecnos  |c 1979 
650 0 |a Teoría del derecho  |9 255982 
650 0 |a Normas jurídicas  |9 258310 
650 0 |a Fuentes del derecho   |9 255162 
650 7 |a INTERPRETACION DEL DERECHO  |2 CL-VaPUC  |9 394402 
650 0 |a Naturaleza humana   |9 308593 
650 0 |a Filosofía del derecho   |9 255050 
583 |a last modification  |c 20170720 03:42:06  |k Rodrigo Vera 
490 0 |a Manuales Universitarios Españoles, 6 
999 |c 263239  |d 263237 
952 |0 0  |1 0  |4 0  |6 340_000000000000000_MAR_1979  |7 0  |8 DER_TF  |9 292425  |a BIBDER  |b BIBDER  |d 2019-11-19  |i 1898140  |o 340 MAR 1979  |p 1898140  |r 2023-01-25  |w 2019-11-19  |x Ubicación 4to Piso  |y BK  |z Estos recursos deben solicitarse con anticipación  |k DER